[Event "Groningen Harmonie op-A"]
[Site "Groningen"]
[Date "2005.12.29"]
[Round "7"]
[White "Hulshof, Peter"]
[Black "Van Dijk, Hendrik"]
[Result "1/2-1/2"]
[WhiteElo "2232"]
[BlackElo "1962"]
[PlyCount "38"]
[EventDate "2005.12.23"]
[EventType "swiss"]
[EventRounds "9"]
[EventCountry "NED"]
[SourceTitle "CBM 110 Extra"]
[Source "ChessBase"]
[SourceDate "2006.03.10"]
[SourceVersion "2"]
[SourceVersionDate "2006.03.10"]
[SourceQuality "1"]

1. e4 d6 2. Nc3 Nf6 3. f4 Nbd7 4. Nf3 e5 5. Bc4 Be7 6. d3 0-0 7. f5 Nb6 8. Bb3 d5 9. Qe2 Bb4 10. Bd2 dxe4 11. dxe4 Qe7 12. a3 Bc5 13. 0-0-0 a5 14. Be3 a4 15. Bxc5 Qxc5 16. Ba2 Bd7 17. Rd2 Bc6 18. Nd5 Nbxd5 19. exd5 e4 1/2-1/2

[Event "Groningen Harmonie op-A"]
[Site "Groningen"]
[Date "2005.12.23"]
[Round "1"]
[White "Heemskerk, Wim"]
[Black "Van Dijk, Hendrik"]
[Result "1-0"]
[WhiteElo "2265"]
[BlackElo "1962"]
[PlyCount "65"]
[EventDate "2005.12.23"]
[EventType "swiss"]
[EventRounds "9"]
[EventCountry "NED"]
[SourceTitle "CBM 110 Extra"]
[Source "ChessBase"]
[SourceDate "2006.03.10"]
[SourceVersion "2"]
[SourceVersionDate "2006.03.10"]
[SourceQuality "1"]

1. Nf3 d6 2. g3 e5 3. c4 f5 4. d3 Nf6 5. Nc3 Be7 6. Bg2 0-0 7. 0-0 a5 8. Rb1 Na6 9. a3 c6 10. b4 axb4 11. axb4 Bd7 12. b5 cxb5 13. cxb5 Nc5 14. d4 exd4 15. Nxd4 Nfe4 16. Nd5 Bf6 17. Bb2 Qa5 18. Nb3 Qxb5 19. Bxf6 Nxf6 20. Nc7 Qc4 21. Nxa8 Rxa8 22. Nxc5 Qxc5 23. Qb3+ d5 24. Rfc1 Qd4 25. e3 Qd2 26. Rd1 Qa2 27. Qxa2 Rxa2 28. Rxb7 Be6 29. h3 Ne4 30. Re7 Nc5 31. Bxd5 Bxd5 32. Rxd5 Kf8 33. Rc7 1-0

[Event "FRA-chT3 Gr8 0102"]
[Site "France"]
[Date "2001.12.09"]
[Round "4"]
[White "Bureau, Frederic"]
[Black "Van Dijk, Hendrik"]
[Result "0-1"]
[WhiteElo "2048"]
[BlackElo "1880"]
[PlyCount "92"]
[EventDate "2001.10.??"]
[EventType "team"]
[EventRounds "9"]
[EventCountry "FRA"]
[SourceTitle "EXT 2005"]
[Source "ChessBase"]
[SourceDate "2004.11.15"]
[SourceVersion "1"]
[SourceVersionDate "2004.11.15"]
[SourceQuality "1"]

1. e4 d6 2. b3 e5 3. d4 exd4 4. Qxd4 Nc6 5. Qd2 Be7 6. Nc3 f5 7. Bd3 fxe4 8. Nxe4 Nf6 9. Ng5 Ne5 10. Be2 h6 11. N5f3 Bf5 12. Nxe5 dxe5 13. Nf3 Qxd2+ 14. Bxd2 Bd6 15. c4 0-0 16. 0-0 Ne4 17. Be1 Rad8 18. b4 c5 19. a3 b6 20. Rc1 Bc7 21. a4 cxb4 22. Bxb4 Nc5 23. a5 Rfe8 24. axb6 axb6 25. Rcd1 Nd3 26. Bc3 Nf4 27. Rxd8 Nxe2+ 28. Kh1 Rxd8 29. Bxe5 Bxe5 30. Nxe5 Nc3 31. Nc6 Rd7 32. Re1 Be4 33. Ne5 Rd1 34. Rxd1 Nxd1 35. Nd7 Nxf2+ 36. Kg1 Nd3 37. Nxb6 Kf8 38. Kf1 Ke7 39. g3 Kd6 40. Na4 Bc6 41. Nc3 Kc5 42. Nd1 Ne5 43. Ne3 Be4 44. Kf2 Nxc4 45. Nd1 Kd4 46. g4 Bc2 0-1